Textarbeit im Fremdsprachenunterricht

V rámci výučby cudzích jazykov sa uplatňujú rôzne vyučovacie metódy. Jednou z nich je textová analýza. Poskytnutie teoretického pohľadu a praktickej aplikácie na koncepciu textovej analýzy vo výučbe.

Salvato in:
Dettagli Bibliografici
Autore principale: Čiefová, Michaela, 1991-
Natura: Capitolo di libro
Lingua:tedesco
Soggetti:
Tags: Aggiungi Tag
Nessun Tag, puoi essere il primo ad aggiungerne!!

MARC

LEADER 00000naa$a2200000$$$4500
001 0248344
005 20240502083704.8
041 0 |a ger 
044 |a DE 
245 1 0 |a Textarbeit im Fremdsprachenunterricht  |c Michaela Čiefová 
520 |a V rámci výučby cudzích jazykov sa uplatňujú rôzne vyučovacie metódy. Jednou z nich je textová analýza. Poskytnutie teoretického pohľadu a praktickej aplikácie na koncepciu textovej analýzy vo výučbe. 
610 2 0 |a jazyky cudzie 
610 2 0 |a vyučovanie 
610 2 0 |a didaktika 
610 2 0 |a metodika 
610 2 0 |a metódy 
610 2 0 |a efektívnosť vzdelávania 
100 1 |a Čiefová, Michaela, 1991-